LEADER 01280nam a2200325 a 4500 001 000000123969 003 CaOOAMICUS 005 20101221095915.0 008 101221s2010 it u000 u ita r 020 $a978-88-15-13924-5 040 $aPUL$bita 041 1 $aita$hger 082 04$a321.8 100 1 $aKelsen, Hans,$d1881-1973.$0(OLS)http://pul/name/933 240 10$aVom Wesen und Wert der Demokratie.$lItaliano.$0(OLS)http://pul/title/156287 245 13$aLa democrazia /$cHans Kelsen. 260 $aBologna :$bIl Mulino,$cstampa 2010. 300 $a391 p. ;$c22 cm 490 1 $aBiblioteca paperbacks ;$v24 504 $aInclude riferimenti bibliografici. 650 4$aDemocrazia$xTeorie.$0(OLS)http://pul/subject/20052 830 0$aBiblioteca paperbacks ;$v24.$0(OLS)http://pul/title/144760 850 $aPUL 852 $aPUL$W1$xSL Diritto e Scienze Sociali 3$y79$m321. 8 KELHA 4$j142848$qDDC 21$B141783$CPULBib$Z2$F141783 $H115331 $82 941 1 $a9 996 $6020$a978-88-15-13924-5$9(OLS)http://pul/number/146138 996 $6082$a321.8$9(OLS)http://pul/classification/710 996 $6245$aLa democrazia$9(OLS)http://pul/title/58050 996 $6260$aBologna :$bIl Mulino$9(OLS)http://pul/publisher/47928 LEADER 01463nam a2200325 a 4500 001 000000155123 003 CaOOAMICUS 005 20161017120118.0 008 161017s2016 it u000 u ita r 020 $a978-88-6227-837-9* 032 $aLibriCat 040 $aPUL$bita 082 04$a223 100 1 $aLomiento, Vincenzo.$0(OLS)http://pul/name/93265 245 10$aAmatorium drama : $bil "Cantico dei cantici" nel commento di Origene /$cVincenzo Lomiento. 260 $aPisa ; Roma :$bFabrizio Serra editore,$c2016. 300 $a187 p. ;$c25 cm. 490 1 $aQuaderni della "Rivista di cultura classica e medioevale" ;$v15 504 $aBibliografia in nota. 630 04$aBiblia.$pV.T.$pCanticum canticorum$xCommenti.$0(OLS)http://pul/subject/6701 700 1 $aRufo, Fabrizio.$0(OLS)http://pul/name/79093 830 0$aQuaderni della "Rivista di cultura classica e medioevale" ;$v15.$0(OLS)http://pul/title/194760 850 $aPUL 852 $aPUL$W1$xDP2 Religione 3$y114$m223 LOMVI 1$j178180$qDDC 21$B181398$CPULBib$Z2$F181398 $H128194 $81 941 1 $a9 996 $6020$a978-88-6227-837-9*$9(OLS)http://pul/number/161308 996 $6082$a223$9(OLS)http://pul/classification/504 996 $6245$aAmatorium drama : $bil "Cantico dei cantici" nel commento di Origene$9(OLS)http://pul/title/194759 996 $6260$aPisa ; Roma :$bFabrizio Serra editore$9(OLS)http://pul/publisher/79401